|
|
|
|
| LEADER |
03012nam a22005415i 4500 |
| 001 |
978-0-387-25844-7 |
| 003 |
DE-He213 |
| 005 |
20151204173932.0 |
| 007 |
cr nn 008mamaa |
| 008 |
100929s2007 xxu| s |||| 0|eng d |
| 020 |
|
|
|a 9780387258447
|9 978-0-387-25844-7
|
| 024 |
7 |
|
|a 10.1007/b136240
|2 doi
|
| 040 |
|
|
|d GrThAP
|
| 050 |
|
4 |
|a R856-857
|
| 072 |
|
7 |
|a MQW
|2 bicssc
|
| 072 |
|
7 |
|a TEC009000
|2 bisacsh
|
| 082 |
0 |
4 |
|a 610.28
|2 23
|
| 245 |
1 |
0 |
|a BioMEMS and Biomedical Nanotechnology
|h [electronic resource] :
|b Volume III Therapeutic Micro/Nanotechnology /
|c edited by Mauro Ferrari, Tejal Desai, Sangeeta Bhatia.
|
| 264 |
|
1 |
|a Boston, MA :
|b Springer US,
|c 2007.
|
| 300 |
|
|
|a XXIV, 376 p.
|b online resource.
|
| 336 |
|
|
|a text
|b txt
|2 rdacontent
|
| 337 |
|
|
|a computer
|b c
|2 rdamedia
|
| 338 |
|
|
|a online resource
|b cr
|2 rdacarrier
|
| 347 |
|
|
|a text file
|b PDF
|2 rda
|
| 505 |
0 |
|
|a Cell-based Therapeutics -- Nano- and Micro-Technology to Spatially and Temporally Control Proteins for Neural Regeneration -- 3-D Fabrication Technology for Tissue Engineering -- Designed Self-assembling Peptide Nanobiomaterials -- At the Interface: Advanced Microfluidic Assays for Study of Cell Function -- Multi-phenotypic Cellular Arrays for Biosensing -- Mems and Neurosurgery -- Drug Delivery -- Vascular Zip Codes and Nanoparticle Targeting -- Engineering Biocompatible Quantum Dots for Ultrasensitive, Real-Time Biological Imaging and Detection -- Diagnostic and Therapeutic Applications of Metal Nanoshells -- Nanoporous Microsystems for Islet Cell Replacement -- Medical Nanotechnology and Pulmonary Pathology -- Nanodesigned Pore-Containing Systems for Biosensing and Controlled Drug Release -- Transdermal Drug Delivery using Low-Frequency Sonophoresis -- Microdevices for Oral Drug Delivery -- Nanoporous Implants for Controlled Drug Delivery -- Molecular Surface Engineering for the Biological Interface -- Micro and Nanoscale Smart Polymer Technologies in Biomedicine -- Supported Lipid Bilayers as Mimics for Cell Surfaces and as Tools in Biotechnology -- Engineering Cell Adhesion -- Cell Biology on a Chip: A Microfluidic Cell Culture Laboratory.
|
| 650 |
|
0 |
|a Engineering.
|
| 650 |
|
0 |
|a Molecular biology.
|
| 650 |
|
0 |
|a Biotechnology.
|
| 650 |
|
0 |
|a Biophysics.
|
| 650 |
|
0 |
|a Biological physics.
|
| 650 |
|
0 |
|a Biomedical engineering.
|
| 650 |
|
0 |
|a Nanotechnology.
|
| 650 |
1 |
4 |
|a Engineering.
|
| 650 |
2 |
4 |
|a Biomedical Engineering.
|
| 650 |
2 |
4 |
|a Biophysics and Biological Physics.
|
| 650 |
2 |
4 |
|a Molecular Medicine.
|
| 650 |
2 |
4 |
|a Nanotechnology.
|
| 650 |
2 |
4 |
|a Biomedicine general.
|
| 650 |
2 |
4 |
|a Biotechnology.
|
| 700 |
1 |
|
|a Ferrari, Mauro.
|e editor.
|
| 700 |
1 |
|
|a Desai, Tejal.
|e editor.
|
| 700 |
1 |
|
|a Bhatia, Sangeeta.
|e editor.
|
| 710 |
2 |
|
|a SpringerLink (Online service)
|
| 773 |
0 |
|
|t Springer eBooks
|
| 776 |
0 |
8 |
|i Printed edition:
|z 9780387255651
|
| 856 |
4 |
0 |
|u http://dx.doi.org/10.1007/b136240
|z Full Text via HEAL-Link
|
| 912 |
|
|
|a ZDB-2-ENG
|
| 950 |
|
|
|a Engineering (Springer-11647)
|